00496pab a2200157 454500008004000000100002200040245011800062260000900180300001200189362001100201650004000212650002900252650002100281700001600302773002000318180718b2013 xxu||||| |||| 00| 0 eng d aSrivastava, Gouri aEducational scenario of girls and women in the north east: Issues, challenges, practices and areas of convergence c2013 ap.7-29. a25 Mar aWomens education - India,North east aGirls - India,North east aWomens education aYadav, Mona aUniversity News